Temporary Fix - One Direction (All Lyrics) - Statistics

General Stats
  • This quiz has been taken 84 times
  • The average score is 301 of 353
Answer Stats
Answer % Correct
a
98%
I
98%
the
98%
you
98%
you,
98%
your
98%
you're
98%
and
95%
feel
95%
know
95%
me
95%
all
93%
be
93%
call
93%
can
93%
he
93%
i'll
93%
just
93%
like
93%
lonely
93%
need
93%
temporary
93%
to
93%
we
93%
when
93%
fix
90%
if
90%
is
90%
my
90%
of
90%
where
90%
good
88%
i'm
88%
in
88%
it
88%
let
88%
night
88%
what
88%
can't
85%
heart
85%
sleep
85%
that
85%
even
83%
it's
83%
look
83%
feeling
80%
were
80%
we're
80%
don't
78%
girl
78%
on
78%
saw
78%
tonight
78%
up
78%
at
75%
body
75%
doesn't
75%
how
75%
taxi
75%
time
75%
t-shirt
75%
kind
73%
language
73%
lips
73%
off,
73%
off
73%
touch
73%
million
70%
now,
70%
now
70%
backseat
68%
but
68%
care
68%
darkness,
68%
have
68%
looking
68%
attention,
65%
calling
65%
control
65%
first
65%
mind
65%
taking
65%
there's
65%
somebody
63%
speaking
63%
this
63%
vice
63%
watching
63%
we'll
63%
well,
63%
caught
60%
locked
60%
standing
60%
tired
60%
waking
60%
weakness
60%
with
60%
not
58%
read
58%
right
58%
they're
58%
baby,
55%
climb
55%
neck
55%
while
55%
climbing
53%
everything,
53%
own
50%
saying
50%
anything
48%
over
48%
that's
48%
told
48%
roll
45%
hooked
43%
lights,
30%
goodnight
28%
see's
25%
No matching quizzes found
Score Distribution
Percent of People with Each Score
Percentile by Number Answered
Your Score History
You have not taken this quiz